Antología de cuentistas guatemaltecas /
Kaydedildi:
| Yazar: | |
|---|---|
| Materyal Türü: | Bilinmiyor |
| Dil: | Spanish |
| Baskı/Yayın Bilgisi: |
Ciudad de Guatemala, Guatemala
Letra Negra
2001
|
| Seri Bilgileri: | Colección Narrativa centroaméricana ;
número 8 |
| Konular: | |
| Etiketler: |
Etiketle
Etiket eklenmemiş, İlk siz ekleyin!
|
MARC
| LEADER | 000000000a22000000004500 | ||
|---|---|---|---|
| 001 | 000585 | ||
| 008 | 131127s2001 gt g |||| 00| 1dspa d | ||
| 020 | |a 9992242140 | ||
| 041 | 0 | |a español | |
| 082 | |a G863.08 |b M971a | ||
| 100 | 1 | |a Muñoz, Willy O. | |
| 245 | 1 | 0 | |a Antología de cuentistas guatemaltecas / |c Willy O. Muñoz |
| 260 | 1 | |a Ciudad de Guatemala, Guatemala |b Letra Negra |c 2001 | |
| 300 | |a 185 páginas | ||
| 490 | 0 | |a Colección Narrativa centroaméricana ; |v número 8 | |
| 500 | |a Número de inscripción 05614 | ||
| 505 | |r Lily Aguirre |t La fuerza del destino / | ||
| 505 | |r Blanca Luz Rodríguez |t Con el corazón en la mano / | ||
| 505 | |r Leonor Paz y Paz |t La máquina maravillosa / | ||
| 505 | |r Leonor Paz y Paz |t La bruja / | ||
| 505 | |r Leonor Paz y Paz |t El chino / | ||
| 505 | |r Lola Villacorta Vidaurre |t Escuela rural / | ||
| 505 | |r Dina del Carmen Rodas Jerez |t Juan negro / | ||
| 505 | |r Teresa Arévalo |t Toda una vida / | ||
| 505 | |r Romelia Alarcón Folgar |t La sirena / | ||
| 505 | |r Romelia Alarcón Folgar |t Camino de la montaña | ||
| 505 | |r Walda Valenti Doninelli |t Confidencial / | ||
| 505 | |r Walda Valenti Doninelli |t Guachipilín sombrío | ||
| 505 | |r Tania Díaz |t El hombre de los perros / | ||
| 505 | |r Tania Díaz |t Por los caminos de lo absurdo / | ||
| 505 | |r Sámara Córdova / |t Mimetismo | ||
| 505 | |r Catalina Barrios y Barrios |t Para qué? / | ||
| 505 | |r Esmeralda Putzeys Illescas |t El sombrero de la pluma verde / | ||
| 505 | |r Esmeralda Putzeys Illescas |t Avaricia / | ||
| 505 | |r Mildred Hernández |t Un día en la vida de Güicoyón Pérez | ||
| 505 | |r Mildred Hernández |t Palabra de mujer | ||
| 505 | |r Ana María Rodas |t No hay olvido / | ||
| 505 | |r Isabel Garma |t El pueblo de los seres taciturnos / | ||
| 505 | |r Isabel Garma |t El hombre que pintaba la verdad / | ||
| 650 | 4 | |a LITERATURA GUATEMALTECA |9 46 | |
| 650 | 4 | |a CUENTOS | |
| 650 | 4 | |a COLECCIONES | |
| 942 | |2 ddc |c BK | ||
| 999 | |c 1376 |d 1376 | ||



